000
00241nam a22000977a 4500
082
_a
355.02 DIS'T
245
_a
A DISTANT CHALLENGE THE US IFANTRYMAN IN VIETNAM 1967-70
260
_a
ALABAMA
_b
BIRMINGHAM
_c
1971
300
_a
400P
942
_c
BK
999
_c
582953
_d
582953